Quality issues related to sheet processing (Record no. 51468)

MARC details
000 -LEADER
fixed length control field 00452nam a2200109Ia 4500
100 ## - MAIN ENTRY--AUTHOR NAME
Personal name Mohanachandran Nair S
245 #0 - TITLE STATEMENT
Title Quality issues related to sheet processing
260 ## - PUBLICATION, DISTRIBUTION, ETC. (IMPRINT)
Name of publisher IRC 2012. International Rubber Conference, 28-31 October 2012, Kovalam, India, Rubber Research Institute of India, Kottayam and IRRDB, Malaysia: Abstracts. pp.30.
650 ## - SUBJECT ADDED ENTRY--TOPICAL TERM
Topical Term Sheet processing$Air dried sheet
942 ## - ADDED ENTRY ELEMENTS (KOHA)
Koha item type Bibliography STAF
Holdings
Withdrawn status Lost status Damaged status Not for loan Home library Current library Shelving location Date acquired Koha item type
      Bibliography RRII Library RRII Library Rubber technology 12/03/2013 Bibliography STAF